000 01141pam a2200277 a 4500
001 2455764
003 OSt
005 20240717113827.0
008 891228s1990 nyu 000 1 eng
010 _a 89072191
020 _a0140116974 :
_c$10.95 ($14.95 Can.)
040 _aDLC
_cMUST
_dDLC
043 _an-us---
245 0 0 _aBreaking ice :
_ban anthology of contemporary African-American fiction /
_cedited by Terry McMillan ; [with a preface by John Edgar Wideman].
260 _aNew York, N.Y., U.S.A. :
_bPenguin Books,
_c1990.
300 _axxiv, 690 p. ;
_c24 cm.
650 0 _aAmerican fiction
_xAfrican American authors.
_918818
650 0 _aAmerican fiction
_y20th century.
_918819
650 0 _aAfrican Americans
_xFiction.
_918820
700 1 _aMcMillan, Terry.
_918821
856 4 2 _3Contributor biographical information
_uhttp://www.loc.gov/catdir/enhancements/fy1206/89072191-b.html
856 4 2 _3Publisher description
_uhttps://www.loc.gov/catdir/enhancements/fy1702/89072191-d.html
906 _a7
_bcbc
_corignew
_d1
_eopcn
_f19
_gy-gencatlg
942 _2ddc
_cO_SHELF
999 _c9223
_d9223